[Event "Tilburg"]
[Site "Tilburg"]
[Date "1988.??.??"]
[Round "?"]
[White "Short, Nigel D"]
[Black "Karpov, Anatoly"]
[Result "1/2-1/2"]
[WhiteElo "2665"]
[BlackElo "2725"]
[PlyCount "29"]
[EventDate "1988.09.??"]
[Source "ChessBase"]

1. e4 e5 2. Nf3 Nf6 3. Nxe5 d6 4. Nf3 Nxe4 5. Qe2 Qe7 6. d3 Nf6 7. Bg5 Qxe2+ 8. Bxe2 Be7 9. Nc3 c6 10. d4 Be6 11. h3 Nbd7 12. O-O-O h6 13. Bh4 Nb6 14. Rhe1 Kd7 15. Bd3 1/2-1/2

[Event "URS Spartakiad"]
[Site "URS"]
[Date "1979.??.??"]
[Round "?"]
[White "Spassky, Boris V"]
[Black "Karpov, Anatoly"]
[Result "1/2-1/2"]
[WhiteElo "2640"]
[BlackElo "2705"]
[PlyCount "30"]
[EventDate "1979.??.??"]
[Source "ChessBase"]

1. e4 e5 2. Nf3 Nf6 3. Nxe5 d6 4. Nf3 Nxe4 5. Qe2 Qe7 6. d3 Nf6 7. Bg5 Qxe2+ 8. Bxe2 Be7 9. Nc3 c6 10. O-O-O Na6 11. Rhe1 Nc7 12. Nd4 Ne6 13. Nxe6 Bxe6 14. Bf3 Kd7 15. Ne2 h6 1/2-1/2

[Event "Hoogovens playoff"]
[Site "?"]
[Date "1995.01.18"]
[Round "2.3"]
[White "Timman Jan Hein"]
[Black "Piket Jeroen"]
[Result "1-0"]
[WhiteElo "2635"]
[BlackElo "2670"]
[PlyCount "133"]
[EventDate "1995.??.??"]
[Source "www.chesslib.no"]
[SourceDate "2004.05.04"]

1. e4 e5 2. Nf3 Nf6 3. Nxe5 d6 4. Nf3 Nxe4 5. Qe2 Qe7 6. d3 Nf6 7. Bg5 Qxe2+ 8. Bxe2 Be7 9. Nc3 c6 10. O-O-O Na6 11. Rhe1 Nc7 12. Ne4 Nxe4 13. dxe4 Bxg5+ 14. Nxg5 f6 15. Nf3 Ke7 16. Nd4 Be6 17. f4 Rad8 18. Bf3 Rhe8 19. Rd2 Kf8 20. Red1 Bf7 21. Nf5 d5 22. c4 Bg6 23. g4 Bxf5 24. gxf5 Rc8 25. exd5 cxd5 26. Rc2 dxc4 27. Bxb7 Rb8 28. Bc6 Re7 29. Rxc4 g6 30. Bd7 Na6 31. Be6 gxf5 32. Bxf5 Re2 33. Rc2 Rxc2+ 34. Bxc2 Nb4 35. Bb3 a5 36. Rd7 a4 37. Be6 Rc8+ 38. Kd1 Rc5 39. a3 Nc2 40. Rd3 Na1 41. Rc3 Rh5 42. h3 Ke7 43. Bg8 f5 44. Kc1 Rh4 45. Kb1 Nb3 46. Bxb3 axb3 47. Rf3 Kd6 48. Kc1 Kd5 49. Kd2 Ke4 50. Rxb3 Rh6 51. Rb4+ Kd5 52. a4 Rxh3 53. a5 Rh1 54. Rb5+ Ke4 55. Rb4+ Kd5 56. Ra4 Rh2+ 57. Kc3 Rh3+ 58. Kb4 Rf3 59. Kb5 Kd6 60. Rd4+ Kc7 61. b4 h5 62. Rc4+ Kb8 63. Rc5 h4 64. Rxf5 h3 65. Rh5 Kb7 66. a6+ Kb8 67. f5 1-0

[Event "Moscow-4teams"]
[Site "Moscow"]
[Date "1981.??.??"]
[Round "?"]
[White "Karpov, Anatoly"]
[Black "Smyslov, Vassily"]
[Result "1/2-1/2"]
[WhiteElo "2690"]
[BlackElo "2545"]
[PlyCount "44"]
[EventDate "1981.06.??"]
[Source "ChessBase"]

1. e4 e5 2. Nf3 Nf6 3. Nxe5 d6 4. Nf3 Nxe4 5. Qe2 Qe7 6. d3 Nf6 7. Bg5 Qxe2+ 8. Bxe2 Be7 9. Nc3 c6 10. O-O-O Na6 11. Nd4 Nd5 12. Ne4 f5 13. Bxe7 Kxe7 14. Nd2 Nb6 15. Rde1 Kf6 16. N2b3 Bd7 17. Na5 Rab8 18. Bf3 Rhe8 19. Re3 Re5 20. Ndb3 Rxe3 21. fxe3 Nc8 22. Rf1 d5 1/2-1/2

[Event "Munich"]
[Site "Munich"]
[Date "1988.??.??"]
[Round "?"]
[White "Huebner, Robert"]
[Black "Jussupow, Artur"]
[Result "1/2-1/2"]
[WhiteElo "2595"]
[BlackElo "2620"]
[PlyCount "25"]
[EventDate "1988.04.??"]
[Source "ChessBase"]

1. e4 e5 2. Nf3 Nf6 3. Nxe5 d6 4. Nf3 Nxe4 5. Qe2 Qe7 6. d3 Nf6 7. Bg5 Nbd7 8. Nc3 h6 9. Bh4 g5 10. Bg3 Nb6 11. O-O-O Qxe2 12. Bxe2 Bd7 13. Nd2 1/2-1/2

[Event "Moscow-4teams"]
[Site "Moscow"]
[Date "1981.??.??"]
[Round "?"]
[White "Spassky, Boris V"]
[Black "Jussupow, Artur"]
[Result "1/2-1/2"]
[WhiteElo "2575"]
[BlackElo "2635"]
[PlyCount "57"]
[EventDate "1981.06.??"]
[Source "ChessBase"]

1. e4 e5 2. Nf3 Nf6 3. Nxe5 d6 4. Nf3 Nxe4 5. Qe2 Qe7 6. d3 Nf6 7. Bg5 Nbd7 8. Nc3 Qxe2+ 9. Bxe2 h6 10. Bd2 Nb6 11. Nb5 Nbd5 12. c4 Bd7 13. a4 c6 14. Nbd4 Nc7 15. O-O Be7 16. b4 O-O 17. Nb3 Rfe8 18. Rfe1 Nh7 19. Nfd4 Bf6 20. Rab1 Rad8 21. Be3 Bg5 22. Bf1 Bxe3 23. fxe3 Nf6 24. Na5 Rb8 25. h3 g6 26. c5 Ne6 27. Nxe6 Rxe6 28. e4 b6 29. Nc4 1/2-1/2

[Event "Groningen"]
[Site "?"]
[Date "1994.??.??"]
[Round "?"]
[White "van der Wiel, J."]
[Black "Yusupov, A."]
[Result "1/2-1/2"]
[WhiteElo "2555"]
[BlackElo "2655"]
[PlyCount "43"]
[EventDate "1994.??.??"]
[Source "ChessBase"]
[SourceDate "1994.10.01"]

1. e4 e5 2. Nf3 Nf6 3. Nxe5 d6 4. Nf3 Nxe4 5. Qe2 Qe7 6. d3 Nf6 7. Nc3 Nbd7 8. Be3 Nb6 9. O-O-O Nbd5 10. Nxd5 Nxd5 11. Bd2 Qxe2 12. Bxe2 Be7 13. Rhe1 O-O 14. Ng5 h6 15. Bf3 Bxg5 16. Bxg5 hxg5 17. Bxd5 c6 18. Bb3 a5 19. a4 Be6 20. Bxe6 fxe6 21. Rxe6 Rxf2 22. Rd2 1/2-1/2

[Event "IBM"]
[Site "Amsterdam"]
[Date "1978.??.??"]
[Round "7"]
[White "Timman, Jan H"]
[Black "Hort, Vlastimil"]
[Result "1/2-1/2"]
[WhiteElo "2585"]
[BlackElo "2620"]
[PlyCount "22"]
[EventDate "1978.07.??"]
[Source "ChessBase"]

1. e4 e5 2. Nf3 Nf6 3. Nxe5 d6 4. Nf3 Nxe4 5. Qe2 Qe7 6. d3 Nf6 7. Bg5 Qxe2+ 8. Bxe2 Be7 9. Nc3 c6 10. d4 Be6 11. O-O-O Nbd7 1/2-1/2

[Event "EU-ch 2nd"]
[Site "Ohrid"]
[Date "2001.06.05"]
[Round "5"]
[White "Aronian, Levon"]
[Black "Akopian, Vladimir"]
[Result "1/2-1/2"]
[WhiteElo "2528"]
[BlackElo "2654"]
[PlyCount "94"]
[EventDate "2001.06.01"]
[Source "ChessBase"]
[SourceDate "2001.09.13"]

1. e4 e5 2. Nf3 Nf6 3. Nxe5 d6 4. Nf3 Nxe4 5. Qe2 Qe7 6. d3 Nf6 7. Bg5 Qxe2+ 8. Bxe2 Be7 9. Nc3 h6 10. Bh4 Nbd7 11. Nd4 Nb6 12. a4 a6 13. a5 Nbd5 14. Nxd5 Nxd5 15. Bxe7 Nxe7 16. Bf3 c5 17. Ne2 Nc6 18. Bxc6+ bxc6 19. O-O-O Bg4 20. f3 Be6 21. d4 cxd4 22. Rxd4 Ke7 23. Rhd1 Rhd8 24. Nf4 Rab8 25. b4 Rb5 26. Nd3 Rdb8 27. c4 Rxb4 28. Nxb4 Rxb4 29. h4 g5 30. hxg5 hxg5 31. Rxd6 Rxc4+ 32. Kb2 Rc5 33. R6d3 Rb5+ 34. Kc3 Rxa5 35. Kd4 Kd6 36. Ke3+ Ke5 37. Rh1 c5 38. Rh5 Kf6 39. Rh6+ Kg7 40. Rh1 c4 41. Rc3 Ra2 42. Rhc1 Rxg2 43. Ra1 g4 44. fxg4 Rg3+ 45. Kd2 Rxg4 46. Rxa6 Kf6 47. Ra5 Rg6 1/2-1/2

[Event "Villa Martelli"]
[Site "Villa Martelli"]
[Date "1997.06.11"]
[Round "11"]
[White "Milos, Gilberto"]
[Black "Rodriguez, Andres"]
[Result "1/2-1/2"]
[WhiteElo "2605"]
[BlackElo "2565"]
[PlyCount "21"]
[EventDate "1997.06.01"]
[Source "ChessBase"]
[SourceDate "1997.10.13"]

1. e4 e5 2. Nf3 Nf6 3. Nxe5 d6 4. Nf3 Nxe4 5. Qe2 Qe7 6. d3 Nf6 7. Bg5 Qxe2+ 8. Bxe2 Be7 9. Nc3 O-O 10. O-O Be6 11. Rfe1 1/2-1/2

[Event "JUG-URS"]
[Site "Ohrid MKD"]
[Date "1972.??.??"]
[Round "2.1"]
[White "Ivkov, Borislav"]
[Black "Petrosian, Tigran V"]
[Result "1/2-1/2"]
[WhiteElo "2520"]
[BlackElo "2645"]
[PlyCount "29"]
[EventDate "1972.??.??"]
[Source "www.chesslib.no"]
[SourceDate "2004.05.04"]

1. e4 e5 2. Nf3 Nf6 3. Nxe5 d6 4. Nf3 Nxe4 5. Qe2 Qe7 6. d3 Nf6 7. Bg5 Qxe2+ 8. Kxe2 Be7 9. Nc3 h6 10. Be3 c6 11. g3 Na6 12. Bg2 O-O 13. Rhe1 Re8 14. Kf1 Bd7 15. Re2 1/2-1/2

[Event "Yerevan ARM"]
[Site "?"]
[Date "1996.??.??"]
[Round "9"]
[White "Ivanovic Bozidar"]
[Black "Jussupow Artur M"]
[Result "1/2-1/2"]
[WhiteElo "2500"]
[BlackElo "2655"]
[PlyCount "43"]
[EventDate "1996.??.??"]
[Source "www.chesslib.no"]
[SourceDate "2004.05.04"]

1. e4 e5 2. Nf3 Nf6 3. Nxe5 d6 4. Nf3 Nxe4 5. Qe2 Qe7 6. d3 Nf6 7. Nc3 Qxe2+ 8. Bxe2 c6 9. O-O Na6 10. Re1 Nc7 11. Nd4 Ne6 12. Bf3 Bd7 13. Be3 d5 14. Re2 Bb4 15. Na4 O-O 16. Nxe6 Bxe6 17. Bc5 Bxc5 18. Nxc5 Bc8 19. Rae1 b6 20. Nb3 Bd7 21. Re5 Rfe8 22. Rxe8+ 1/2-1/2

[Event "57. ch-RUS Qualifier"]
[Site "?"]
[Date "2004.05.24"]
[Round "4"]
[White "Belov Vladimir"]
[Black "Najer Evgeniy"]
[Result "1/2-1/2"]
[WhiteElo "2543"]
[BlackElo "2606"]
[PlyCount "27"]
[EventDate "2004.??.??"]
[Source "www.chesslib.no"]
[SourceDate "2004.05.04"]

1. e4 e5 2. Nf3 Nf6 3. Nxe5 d6 4. Nf3 Nxe4 5. Qe2 Qe7 6. d3 Nf6 7. Bg5 Qxe2+ 8. Bxe2 Be7 9. Nc3 h6 10. Bf4 Nc6 11. O-O-O Be6 12. d4 Nb4 13. a3 Nbd5 14. Nxd5 1/2-1/2

[Event "Madrid"]
[Site "Madrid"]
[Date "1995.??.??"]
[Round "9"]
[White "San Segundo Carrillo, Pablo"]
[Black "Jussupow, Artur"]
[Result "1/2-1/2"]
[WhiteElo "2480"]
[BlackElo "2660"]
[PlyCount "50"]
[EventDate "1995.05.??"]
[Source "ChessBase"]

1. e4 e5 2. Nf3 Nf6 3. Nxe5 d6 4. Nf3 Nxe4 5. Qe2 Qe7 6. d3 Nf6 7. Bg5 Nbd7 8. Nc3 Qxe2+ 9. Bxe2 h6 10. Bd2 Nb6 11. O-O Be7 12. Rfe1 O-O 13. a4 c6 14. a5 Nbd5 15. Nxd5 Nxd5 16. c4 Nc7 17. Bc3 Bd7 18. Nd2 d5 19. Bg4 Be6 20. cxd5 cxd5 21. a6 bxa6 22. Bxe6 Nxe6 23. Rxa6 Rfc8 24. d4 Bf6 25. Nf3 Rcb8 1/2-1/2

[Event "HUN-chT 0102"]
[Site "?"]
[Date "2002.02.10"]
[Round "7"]
[White "Sax Gyula"]
[Black "Ribli Zoltan"]
[Result "1/2-1/2"]
[WhiteElo "2576"]
[BlackElo "2564"]
[PlyCount "28"]
[EventDate "2002.??.??"]
[Source "www.chesslib.no"]
[SourceDate "2004.05.04"]

1. e4 e5 2. Nf3 Nf6 3. Nxe5 d6 4. Nf3 Nxe4 5. Qe2 Qe7 6. d3 Nf6 7. Bg5 Nbd7 8. Nc3 h6 9. Bh4 Qxe2+ 10. Bxe2 Be7 11. O-O-O Nb6 12. Rhe1 Kd8 13. Ne4 Nxe4 14. Bxe7+ Kxe7 1/2-1/2

[Event "Stip"]
[Site "Stip"]
[Date "1977.11.??"]
[Round "13"]
[White "Hort, Vlastimil"]
[Black "Ivkov, Borislav"]
[Result "1/2-1/2"]
[WhiteElo "2620"]
[BlackElo "2510"]
[PlyCount "28"]
[EventDate "1977.11.??"]
[Source "www.chesslib.no"]
[SourceDate "2004.05.04"]

1. e4 e5 2. Nf3 Nf6 3. Nxe5 d6 4. Nf3 Nxe4 5. Qe2 Qe7 6. d3 Nf6 7. Bg5 Qxe2+ 8. Bxe2 Be7 9. d4 Bf5 10. c3 h6 11. Bh4 Nbd7 12. Nbd2 Ne4 13. Bxe7 Kxe7 14. Nxe4 Bxe4 1/2-1/2

[Event "Dos Hermanas"]
[Site "?"]
[Date "1992.??.??"]
[Round "?"]
[White "Campora Daniel H"]
[Black "Yudasin Leonid"]
[Result "1/2-1/2"]
[WhiteElo "2550"]
[BlackElo "2580"]
[PlyCount "21"]
[EventDate "1992.??.??"]
[Source "www.chesslib.no"]
[SourceDate "2004.05.04"]

1. e4 e5 2. Nf3 Nf6 3. Nxe5 d6 4. Nf3 Nxe4 5. Qe2 Qe7 6. d3 Nf6 7. Bg5 Nbd7 8. Nbd2 Qxe2+ 9. Bxe2 h6 10. Bh4 Be7 11. Nb3 1/2-1/2

[Event "New York MCC"]
[Site "New York"]
[Date "1994.??.??"]
[Round "11"]
[White "Gurevich, Ilya"]
[Black "Dzindzichashvili, Roman"]
[Result "1/2-1/2"]
[WhiteElo "2585"]
[BlackElo "2540"]
[PlyCount "24"]
[EventDate "1994.02.??"]
[Source "ChessBase"]

1. e4 e5 2. Nf3 Nf6 3. Nxe5 d6 4. Nf3 Nxe4 5. Qe2 Qe7 6. d3 Nf6 7. Bg5 Qxe2+ 8. Bxe2 Be7 9. Nc3 c6 10. O-O O-O 11. Rfe1 h6 12. Bf4 Re8 1/2-1/2

[Event "Hamburg Favoriten"]
[Site "Hamburg"]
[Date "1980.??.??"]
[Round "12"]
[White "Hort, Vlastimil"]
[Black "Kurajica, Bojan"]
[Result "1/2-1/2"]
[WhiteElo "2595"]
[BlackElo "2525"]
[PlyCount "29"]
[EventDate "1980.04.??"]
[Source "ChessBase"]

1. e4 e5 2. Nf3 Nf6 3. Nxe5 d6 4. Nf3 Nxe4 5. Qe2 Qe7 6. d3 Nf6 7. Nc3 Qxe2+ 8. Bxe2 c6 9. Ne4 Nxe4 10. dxe4 Nd7 11. Be3 Nf6 12. e5 Ng4 13. Bf4 dxe5 14. Nxe5 Nxe5 15. Bxe5 1/2-1/2

[Event "NZL-ch 107th"]
[Site "Auckland"]
[Date "1999.12.31"]
[Round "4"]
[White "Sermek, Drazen"]
[Black "Rogers, Ian"]
[Result "1/2-1/2"]
[WhiteElo "2545"]
[BlackElo "2574"]
[PlyCount "52"]
[EventDate "1999.12.28"]
[Source "ChessBase"]
[SourceDate "2000.03.10"]

1. e4 e5 2. Nf3 Nf6 3. Nxe5 d6 4. Nf3 Nxe4 5. Qe2 Qe7 6. d3 Nf6 7. Bg5 Nbd7 8. Nc3 Qxe2+ 9. Bxe2 h6 10. Bd2 g6 11. O-O-O Bg7 12. Rde1 Nb6 13. h3 Bd7 14. Bf1+ Kf8 15. g3 Bc6 16. Bg2 Re8 17. Ne2 Nfd7 18. Rhg1 a6 19. Bh1 Nc5 20. Bc3 Bxc3 21. Nxc3 Ne6 22. Nd2 Bxh1 23. Rxh1 Kg7 24. Nf3 Ng5 25. Rxe8 Rxe8 26. Nd2 f5 1/2-1/2

[Event "URS-CupT"]
[Site "Ordzhonikidze"]
[Date "1978.??.??"]
[Round "?"]
[White "Tseshkovsky, Vitaly V"]
[Black "Kochiev, Aleksandr V"]
[Result "1/2-1/2"]
[WhiteElo "2550"]
[BlackElo "2555"]
[PlyCount "44"]
[EventDate "1978.05.??"]
[Source "www.chesslib.no"]
[SourceDate "2004.05.04"]

1. e4 e5 2. Nf3 Nf6 3. Nxe5 d6 4. Nf3 Nxe4 5. Qe2 Qe7 6. d3 Nf6 7. Bg5 Qxe2+ 8. Bxe2 Be7 9. Nc3 h6 10. Bh4 Nc6 11. O-O-O Be6 12. Nb5 O-O-O 13. Rhe1 Rhe8 14. Nfd4 Nxd4 15. Nxd4 Bd7 16. h3 Ng8 17. Bxe7 Rxe7 18. Bf3 Rde8 19. Rxe7 Nxe7 20. Re1 Nc6 21. Rxe8+ Bxe8 22. Nxc6 Bxc6 1/2-1/2

[Event "NED-ch"]
[Site "Rotterdam"]
[Date "1998.06.26"]
[Round "5"]
[White "Nijboer, Friso"]
[Black "Van der Wiel, John TH"]
[Result "1/2-1/2"]
[WhiteElo "2580"]
[BlackElo "2525"]
[PlyCount "67"]
[EventDate "1998.06.21"]
[Source "ChessBase"]
[SourceDate "1998.09.30"]

1. e4 e5 2. Nf3 Nf6 3. Nxe5 d6 4. Nf3 Nxe4 5. Qe2 Qe7 6. d3 Nf6 7. Bg5 Nbd7 8. Nc3 Qxe2+ 9. Bxe2 h6 10. Be3 a6 11. h3 b5 12. O-O Bb7 13. a4 b4 14. Na2 a5 15. c3 Nd5 16. Bd2 c5 17. d4 Bc6 18. Rfe1 Be7 19. Bb5 Bxb5 20. axb5 N7b6 21. b3 Nc7 22. dxc5 dxc5 23. Be3 O-O 24. cxb4 axb4 25. Nxb4 Rxa1 26. Rxa1 cxb4 27. Bxb6 Nxb5 28. Ra5 Nc3 29. Nd4 Bf6 30. Nc6 Ne2+ 31. Kh2 Nc1 32. Rb5 Nxb3 33. Rxb4 Rc8 34. Rxb3 1/2-1/2

[Event "Reykjavik"]
[Site "Reykjavik"]
[Date "1985.??.??"]
[Round "9"]
[White "Spassky, Boris V"]
[Black "Larsen, Bent"]
[Result "1/2-1/2"]
[WhiteElo "2580"]
[BlackElo "2520"]
[PlyCount "29"]
[EventDate "1985.02.??"]
[Source "ChessBase"]

1. e4 e5 2. Nf3 Nf6 3. Nxe5 d6 4. Nf3 Nxe4 5. Qe2 Qe7 6. d3 Nf6 7. Bg5 Qxe2+ 8. Bxe2 Be7 9. Nc3 c6 10. O-O-O Na6 11. Rhe1 Nc7 12. h3 h6 13. Bf4 Ne6 14. Bh2 O-O 15. d4 1/2-1/2

[Event "Clarin GP Open 4th"]
[Site "Potrero de los Funes"]
[Date "1995.??.??"]
[Round "9"]
[White "Milos, Gilberto"]
[Black "Sorokin, Maxim"]
[Result "1/2-1/2"]
[WhiteElo "2560"]
[BlackElo "2535"]
[PlyCount "23"]
[EventDate "1995.06.17"]
[Source "www.chesslib.no"]
[SourceDate "2004.05.04"]

1. e4 e5 2. Nf3 Nf6 3. Nxe5 d6 4. Nf3 Nxe4 5. Qe2 Qe7 6. d3 Nf6 7. Bg5 Qxe2+ 8. Bxe2 Be7 9. Nc3 Bd7 10. O-O-O Nc6 11. Rhe1 O-O 12. d4 1/2-1/2

[Event "CRO-ch team"]
[Site "?"]
[Date "1999.09.17"]
[Round "8"]
[White "Sermek Drazen"]
[Black "Lalic Bogdan"]
[Result "1/2-1/2"]
[WhiteElo "2545"]
[BlackElo "2550"]
[PlyCount "28"]
[EventDate "1999.??.??"]
[Source "www.chesslib.no"]
[SourceDate "2004.05.04"]

1. e4 e5 2. Nf3 Nf6 3. Nxe5 d6 4. Nf3 Nxe4 5. Qe2 Qe7 6. d3 Nf6 7. Bg5 Nbd7 8. Nc3 Qxe2+ 9. Bxe2 h6 10. Bd2 Nb6 11. O-O-O Bd7 12. h3 O-O-O 13. Rde1 Re8 14. d4 Be7 1/2-1/2

[Event "Asean GM 3rd"]
[Site "Bangkok"]
[Date "2004.08.05"]
[Round "9"]
[White "Zaw, Win Lay"]
[Black "Nguyen Anh Dung"]
[Result "1/2-1/2"]
[WhiteElo "2532"]
[BlackElo "2561"]
[PlyCount "21"]
[EventDate "2004.07.30"]
[SourceDate "2004.08.11"]

1. e4 e5 2. Nf3 Nf6 3. Nxe5 d6 4. Nf3 Nxe4 5. Qe2 Qe7 6. d3 Nf6 7. Bg5 Nbd7 8. Nc3 c6 9. Qxe7+ Bxe7 10. O-O-O h6 11. Bh4 1/2-1/2

[Event "USA"]
[Site "United States of America"]
[Date "1994.??.??"]
[Round "?"]
[White "Gurevich, Dmitry B"]
[Black "Dzindzichashvili, Roman"]
[Result "1/2-1/2"]
[WhiteElo "2545"]
[BlackElo "2540"]
[PlyCount "25"]
[EventDate "1994.??.??"]
[Source "www.chesslib.no"]
[SourceDate "2004.05.04"]

1. e4 e5 2. Nf3 Nf6 3. Nxe5 d6 4. Nf3 Nxe4 5. Qe2 Qe7 6. d3 Nf6 7. Bg5 Qxe2+ 8. Bxe2 Be7 9. Nc3 c6 10. O-O O-O 11. Rfe1 h6 12. Bf4 Re8 13. Na4 1/2-1/2

[Event "Mondorf Open"]
[Site "Mondorf"]
[Date "1991.??.??"]
[Round "9"]
[White "Watson, William N"]
[Black "Rozentalis, Eduardas"]
[Result "0-1"]
[WhiteElo "2505"]
[BlackElo "2575"]
[PlyCount "122"]
[EventDate "1991.08.??"]
[Source "www.chesslib.no"]
[SourceDate "2004.05.04"]

1. e4 e5 2. Nf3 Nf6 3. Nxe5 d6 4. Nf3 Nxe4 5. Qe2 Qe7 6. d3 Nf6 7. Bg5 Nbd7 8. Nbd2 h6 9. Bh4 Qxe2+ 10. Bxe2 g5 11. Bg3 Bg7 12. Nc4 Nd5 13. h4 g4 14. Nfd2 f5 15. O-O-O f4 16. Bh2 h5 17. Ne4 O-O 18. Ncd2 Nc5 19. Nxc5 dxc5 20. Nb3 Bd4 21. Bg1 Re8 22. Bf1 b6 23. c3 Bxc3 24. bxc3 Nxc3 25. Bh2 Nxd1 26. Kxd1 Rf8 27. d4 Be6 28. dxc5 Bd5 29. Rg1 Rad8 30. Kc2 g3 31. fxg3 f3 32. g4 fxg2 33. Ba6 Rf2+ 34. Kc3 Rxa2 35. Bxc7 Rd7 36. cxb6 axb6 37. Bxb6 Rd6 38. Nc5 Rxb6 39. Kd4 Bf7 40. gxh5 Rb4+ 41. Ke5 Rxh4 42. Bb7 Rxh5+ 43. Kd4 Rg5 44. Ne4 Rg6 45. Ke5 Rb2 46. Ba8 Kg7 47. Nc3 Kh6 48. Be4 Rg5+ 49. Kf4 Bc4 50. Nd1 Rd2 51. Bf3 Ba6 52. Ke3 Ra2 53. Nf2 Bf1 54. Ng4+ Kg6 55. Be4+ Kh5 56. Nh2 Ba6 57. Kf4 Ra4 58. Kf3 Kh4 59. Kf2 Ra2+ 60. Ke3 Kg3 61. Nf3 Ra3+ 0-1

[Event "Vrnjacka Banja YUG"]
[Site "?"]
[Date "1998.??.??"]
[Round "8"]
[White "Damljanovic Branko"]
[Black "Markovic Miroslav"]
[Result "1/2-1/2"]
[WhiteElo "2540"]
[BlackElo "2540"]
[PlyCount "22"]
[EventDate "1998.??.??"]
[Source "www.chesslib.no"]
[SourceDate "2004.05.04"]

1. e4 e5 2. Nf3 Nf6 3. Nxe5 d6 4. Nf3 Nxe4 5. Qe2 Qe7 6. d3 Nf6 7. Bg5 Be6 8. Nc3 Nbd7 9. Nd4 h6 10. Bd2 Bg4 11. Qxe7+ Bxe7 1/2-1/2

[Event "NED Ch"]
[Site "NED"]
[Date "1993.??.??"]
[Round "?"]
[White "Cifuentes Parada, Roberto"]
[Black "Piket, Jeroen"]
[Result "1-0"]
[WhiteElo "2480"]
[BlackElo "2590"]
[PlyCount "85"]
[EventDate "1993.06.??"]
[Source "www.chesslib.no"]
[SourceDate "2004.05.04"]

1. e4 e5 2. Nf3 Nf6 3. Nxe5 d6 4. Nf3 Nxe4 5. Qe2 Qe7 6. d3 Nc5 7. Nc3 c6 8. d4 Nca6 9. Bg5 Qxe2+ 10. Bxe2 d5 11. O-O-O Bd6 12. Rhe1 Nc7 13. Bh4 f6 14. Bg3 Bxg3 15. hxg3 Kf7 16. Rh1 Nd7 17. Bd3 Nf8 18. Rde1 Ne8 19. Nd1 Bg4 20. Ne3 Bxf3 21. gxf3 Nd6 22. c4 Rd8 23. cxd5 cxd5 24. Rh5 Ne6 25. Rxd5 b6 26. Kb1 Nc7 27. Rh5 g6 28. Rh4 Ne6 29. Rc1 h5 30. Rc6 g5 31. Rh1 Nxd4 32. Rc7+ Ke6 33. f4 gxf4 34. gxf4 f5 35. Re1 Nf3 36. Rd1 h4 37. Be2 Nh2 38. Rc6 Ng4 39. Nc4 h3 40. Nxd6 h2 41. Ne4+ Kf7 42. Ng5+ Kg7 43. Ne6+ 1-0

[Event "Asia-chn Men"]
[Site "?"]
[Date "1998.08.19"]
[Round "5"]
[White "Saltaev Mihail"]
[Black "Barua Dibyendu"]
[Result "1/2-1/2"]
[WhiteElo "2525"]
[BlackElo "2540"]
[PlyCount "76"]
[EventDate "1998.??.??"]
[Source "www.chesslib.no"]
[SourceDate "2004.05.04"]

1. e4 e5 2. Nf3 Nf6 3. Nxe5 d6 4. Nf3 Nxe4 5. Qe2 Qe7 6. d3 Nf6 7. Bg5 Qxe2+ 8. Bxe2 Be7 9. Nc3 c6 10. O-O-O h6 11. Bf4 O-O 12. h3 Rd8 13. g4 Nbd7 14. Nd4 Ne5 15. Bg3 Ng6 16. f4 d5 17. f5 Bc5 18. Nb3 Be3+ 19. Kb1 Nf8 20. Bf3 Re8 21. Rde1 Bd7 22. d4 h5 23. Be5 Bf2 24. Re2 Bh4 25. Nc5 b6 26. Nxd7 N8xd7 27. gxh5 Re7 28. Rg1 Rae8 29. Bf4 Kh7 30. Reg2 Re1+ 31. Nd1 Rxg1 32. Rxg1 Ne4 33. c3 Be7 34. Bxe4 dxe4 35. Ne3 Nf6 36. Be5 Nxh5 37. Rg4 Bf6 38. Bxf6 Nxf6 1/2-1/2

[Event "Pirc mem"]
[Site "?"]
[Date "2000.??.??"]
[Round "1.2"]
[White "Sermek Drazen"]
[Black "Pavasovic Dusko"]
[Result "1/2-1/2"]
[WhiteElo "2517"]
[BlackElo "2544"]
[PlyCount "39"]
[EventDate "2000.??.??"]
[Source "www.chesslib.no"]
[SourceDate "2004.05.04"]

1. e4 e5 2. Nf3 Nf6 3. Nxe5 d6 4. Nf3 Nxe4 5. Qe2 Qe7 6. d3 Nf6 7. Bg5 Nbd7 8. Nc3 Qxe2+ 9. Bxe2 h6 10. Bd2 c6 11. O-O-O Be7 12. d4 Nb6 13. Bd3 Be6 14. b3 a5 15. a4 O-O 16. Rhe1 Rfe8 17. h3 Nbd5 18. Nxd5 Nxd5 19. c3 Bf8 20. Re2 1/2-1/2

[Event "TCh-SLO, Bled SLO"]
[Site "?"]
[Date "2001.??.??"]
[Round "5"]
[White "Pavasovic, D."]
[Black "Mikhalchishin, A."]
[Result "1/2-1/2"]
[WhiteElo "2525"]
[BlackElo "2530"]
[PlyCount "32"]
[EventDate "2001.??.??"]
[Source "www.chesslib.no"]
[SourceDate "2004.05.04"]

1. e4 e5 2. Nf3 Nf6 3. Nxe5 d6 4. Nf3 Nxe4 5. Qe2 Qe7 6. d3 Nf6 7. Bg5 Nbd7 8. Nc3 Qxe2+ 9. Bxe2 h6 10. Bd2 Nb6 11. Nb5 Kd8 12. c4 c6 13. Nc3 Kc7 14. O-O Be7 15. b4 Re8 16. a4 Bg4 1/2-1/2

[Event "Jurmala"]
[Site "Jurmala"]
[Date "1985.??.??"]
[Round "10"]
[White "Gipslis, Aivars"]
[Black "Tal, Mihail"]
[Result "1/2-1/2"]
[WhiteElo "2490"]
[BlackElo "2565"]
[PlyCount "33"]
[EventDate "1985.08.??"]
[Source "ChessBase"]

1. e4 e5 2. Nf3 Nf6 3. Nxe5 d6 4. Nf3 Nxe4 5. Qe2 Qe7 6. d3 Nf6 7. Bg5 Qxe2+ 8. Bxe2 Be7 9. Nc3 c6 10. O-O-O Na6 11. Rhe1 Nc7 12. Ne4 Nxe4 13. dxe4 Bxg5+ 14. Nxg5 Ke7 15. Bc4 Ne6 16. Bxe6 Bxe6 17. f4 1/2-1/2

[Event "Kiev"]
[Site "Kiev UKR"]
[Date "1978.??.??"]
[Round "12"]
[White "Knezevic, Milorad"]
[Black "Savon, Vladimir A"]
[Result "1/2-1/2"]
[WhiteElo "2505"]
[BlackElo "2550"]
[PlyCount "27"]
[EventDate "1978.??.??"]
[Source "www.chesslib.no"]
[SourceDate "2004.05.04"]

1. e4 e5 2. Nf3 Nf6 3. Nxe5 d6 4. Nf3 Nxe4 5. Qe2 Qe7 6. d3 Nf6 7. Bg5 Qxe2+ 8. Bxe2 Be7 9. Nc3 c6 10. O-O-O Be6 11. Rhe1 Na6 12. Bf4 Nc7 13. h3 Kd7 14. Bd2 1/2-1/2

[Event "Marganets"]
[Site "?"]
[Date "1999.??.??"]
[Round "5"]
[White "Moroz Alexander"]
[Black "Lastin Alexander"]
[Result "1/2-1/2"]
[WhiteElo "2493"]
[BlackElo "2558"]
[PlyCount "23"]
[EventDate "1999.??.??"]
[Source "www.chesslib.no"]
[SourceDate "2004.05.04"]

1. e4 e5 2. Nf3 Nf6 3. Nxe5 d6 4. Nf3 Nxe4 5. Qe2 Qe7 6. d3 Nf6 7. Bg5 Qxe2+ 8. Bxe2 Be7 9. Nc3 c6 10. O-O-O Na6 11. d4 Nc7 12. h3 1/2-1/2

[Event "Cheliabinsk-A"]
[Site "Chelyabinsk RUS"]
[Date "1991.??.??"]
[Round "?"]
[White "Dvoirys, Semen I"]
[Black "Sherbakov, Ruslan"]
[Result "1/2-1/2"]
[WhiteElo "2525"]
[BlackElo "2525"]
[PlyCount "25"]
[EventDate "1991.12.??"]
[Source "www.chesslib.no"]
[SourceDate "2004.05.04"]

1. e4 e5 2. Nf3 Nf6 3. Nxe5 d6 4. Nf3 Nxe4 5. Qe2 Qe7 6. d3 Nf6 7. Bg5 Qxe2+ 8. Bxe2 Be7 9. Nc3 h6 10. Bh4 c6 11. Ne4 Nxe4 12. dxe4 Bxh4 13. Nxh4 1/2-1/2